000 00611nam a2200193Ia 4500
999 _c52777
_d52777
003 GCL
005 20240530105041.0
008 140319s9999 xx 000 0 ara d
040 _aGCL /
_cGCL
082 0 4 _a511.2
_bم ا
100 1 _aمصطفى زايد
245 1 0 _aالاحصاء والاستقراء :
_bاساليب الاستقراء /
_cمصطفى زايد
_nالجزء الثالث
250 _aط.1
260 _a[S.N] :
_bالمؤسسة العصرية
_c1992
650 0 4 _aالتعليم
650 0 4 _aالاحصاء الرياضى
650 0 4 _aالاحصاء التربوى
942 _2ddc
_cBK